| 000 | 01039nac a22003011i 4500 | ||
|---|---|---|---|
| 003 | EG-ScBUE | ||
| 005 | 20240903110809.0 | ||
| 008 | 101007t2004 maua f 001 0 eng d | ||
| 020 | _a0321211030 | ||
| 020 | _a9780321211033 | ||
| 040 |
_aEG-ScBUE _beng _erda _cEG-ScBUE _dEG-ScBUE |
||
| 082 | 0 | 4 |
_a510 _bGRI _222 |
| 100 | 1 |
_aGrimaldi, Ralph P., _eauthor. _920109 |
|
| 245 | 1 | 0 |
_aDiscrete and combinatorial mathematics : _ban applied introduction / _cRalph P. Grimaldi, Rose-Hulman Institute of Technology. |
| 250 | _aFifth edition. | ||
| 264 | 1 |
_aBoston : _bPearson Addison Wesley, _c[2004] |
|
| 264 | 4 | _cc2004 | |
| 300 |
_axix, 833 pages : _billustrations (some color) ; _c27 cm |
||
| 336 |
_2rdacontent _atext _btxt |
||
| 337 |
_aunmediated _2rdamedia _bn |
||
| 338 |
_avolume _bnc _2rdacarrier |
||
| 500 | _aIncludes index. | ||
| 650 | 7 |
_aMathematics. _2BUEsh _920110 |
|
| 650 | 7 |
_aComputer science _xMathematics. _2BUEsh _920111 |
|
| 650 | 7 |
_aCombinatorial analysis. _2BUEsh _920112 |
|
| 655 | _vReading book | ||
| 942 |
_cBB _2ddc |
||
| 999 |
_c42 _d42 |
||